Lyrics raten #37.2 - Statistics

General Stats
  • This quiz has been taken 3 times
  • The average score is 213 of 456
Answer Stats
Answer % Correct
am
100%
an
100%
alle,
67%
auf
67%
bist
67%
Danach
67%
das
67%
dass
67%
dein
67%
deine
67%
deinen
67%
den
67%
Denn
67%
der
67%
Der
67%
dich
67%
Die
67%
die
67%
dir
67%
dir,
67%
doch
67%
Doch
67%
Du
67%
du
67%
Er
67%
Es
67%
es
67%
fast
67%
Geh
67%
grenzt
67%
hab
67%
hast
67%
hat
67%
Hat
67%
ich
67%
Ich
67%
ihn
67%
ihr
67%
Ihr
67%
im
67%
immer
67%
in
67%
ist
67%
Leben
67%
meine
67%
meinen
67%
mich
67%
mit
67%
muss
67%
n
67%
Nicht
67%
nicht,
67%
noch
67%
schon
67%
seid
67%
seine
67%
seinen
67%
sich
67%
sie
67%
so
67%
und
67%
Und
67%
vom
67%
(Vom
67%
Wahn,
67%
wär
67%
War
67%
waren
67%
was
67%
we
67%
Wenn
67%
wer
67%
Wir
67%
wir
67%
Wo
67%
zum
67%
zur
67%
9
33%
Abwehr
33%
Also
33%
Andy,
33%
antanzen
33%
Asamoah
33%
auch
33%
aufbürden
33%
auf’s
33%
bald
33%
Bank,
33%
Bank
33%
bedanken
33%
befreit
33%
bei
33%
bereit
33%
bereit,
33%
Bereitschaftsdienst
33%
berührt
33%
bitte
33%
bleibt
33%
blitzschnell
33%
Borowski
33%
brachte
33%
Chancen
33%
dafür,
33%
Dank
33%
dank
33%
danke
33%
dann
33%
David?
33%
dem
33%
denkt
33%
deutsche
33%
dieser
33%
dieses
33%
DJ
33%
Ehre,
33%
Ehre
33%
ein
33%
Ein
33%
einiges
33%
Elfer
33%
Elfmeterschiessen
33%
EM
33%
erfreuen
33%
erhalten,
33%
erheben
33%
erzielt
33%
euch
33%
euren
33%
feinsten
33%
für
33%
für’s
33%
fürs
33%
Fussballthron
33%
ganze
33%
gebrannt
33%
gebührt
33%
gebührt!
33%
geflankt
33%
geführt
33%
Gegner
33%
gehört
33%
gerade
33%
Gerald
33%
gern
33%
Geschenk
33%
gestanden
33%
getan
33%
getankt
33%
gewankt
33%
grosser
33%
gut
33%
guter
33%
habt
33%
halt
33%
Hanke,
33%
Hätte
33%
hätten
33%
hatten
33%
hättest
33%
Helfer
33%
Herrn
33%
herzlichst,
33%
hiess,
33%
Hildebrand
33%
Hitzelsperger
33%
Hut
33%
Huth
33%
ihnen
33%
ins
33%
Jansen
33%
Jeder
33%
Jens
33%
Jens,
33%
Jetzt
33%
jetzt
33%
Jogi,
33%
Jürgen
33%
Kabine
33%
Kahn
33%
kamen
33%
kein
33%
Klar,
33%
Klinsmann’s
33%
kommst
33%
kommt
33%
Land
33%
leichtes
33%
Lohn
33%
machte
33%
mal
33%
man
33%
Mann
33%
Mannschaft
33%
Marcell
33%
Meister
33%
Mike
33%
Mittelfeld
33%
more
33%
Mut
33%
nach
33%
nächste
33%
nächstes
33%
Namen
33%
ne
33%
Neue,
33%
Neuville
33%
Nowotny
33%
Nummer
33%
nur
33%
oft
33%
Oli,
33%
Oliver
33%
Pass
33%
pocht
33%
Position,
33%
Premiumqualität)
33%
Pumpe
33%
Raub
33%
rechten
33%
renn
33%
Robert
33%
Robert,
33%
Rückstand
33%
sah
33%
sahen
33%
sass
33%
schiess
33%
schliesslich
33%
schockst
33%
Schranken
33%
schreit
33%
seh
33%
sehen
33%
Sieg
33%
siegen,
33%
siegen
33%
sondern
33%
Songs
33%
Spiel
33%
spielen
33%
Spielfeld
33%
Spielfeldärger
33%
Spielfeldrand
33%
spielt
33%
steht
33%
stillsteht,
33%
stoppt
33%
Stürmer
33%
Stürmer,
33%
tat
33%
Thomas
33%
tief
33%
Tim
33%
Timo
33%
To
33%
Tor
33%
Tor,
33%
Tor!
33%
Toren
33%
Träger
33%
Träumten
33%
Trikot
33%
trotz
33%
Trumpf
33%
tu,
33%
Tür
33%
tut
33%
unbekannt
33%
unendlich
33%
uns
33%
unser
33%
unserer
33%
verdoppeln
33%
versenkt,
33%
versteht,
33%
verwandt
33%
viel
33%
Vielen
33%
Vision
33%
vor
33%
want
33%
Wegen
33%
weist
33%
wem
33%
wichtiges
33%
wieder
33%
wirklich
33%
wirst
33%
wollen
33%
Würden
33%
würden
33%
Zeit
33%
zieh
33%
Ziel
33%
Zukunft
33%
zwar
33%
No matching quizzes found
Score Distribution
Percent of People with Each Score
Percentile by Number Answered
Your Score History
You have not taken this quiz